Migraciones de indigenas guatemaltecos a la frontera sur de México.
Saved in:
| Main Author: | |
|---|---|
| Corporate Author: | |
| Format: | Book |
| Language: | Spanish |
| Published: |
Ciudad Universitaria, Guatemala :
Centro de Estudios Urbanos y Regionales, CEUR-USAC,
[1993]
|
| Series: | Bolétin (Universidad de San Carlos de Guatemala. Centro de Estudios Urbanos y Regionales) ;
no. 18. |
| Subjects: | |
| Tags: |
Add Tag
No Tags, Be the first to tag this record!
|
| LEADER | 01485nam a2200361Ia 4500 | ||
|---|---|---|---|
| 001 | 005756902-9 | ||
| 005 | 20020606163548.3 | ||
| 008 | 950524s1993 gt b 000 0 spa d | ||
| 035 | 0 | |a ocm32532497 | |
| 040 | |a CUS |c CUS |d TOZ | ||
| 043 | |a ncgt--- |a n-mx--- | ||
| 050 | 4 | |a F1465.3.G6 |b C383 1993 | |
| 090 | |a F1465.3.G6 |b C383 1993 | ||
| 100 | 1 | |a Castillo, Manuel Angel. | |
| 245 | 1 | 0 | |a Migraciones de indigenas guatemaltecos a la frontera sur de México. |
| 260 | |a Ciudad Universitaria, Guatemala : |b Centro de Estudios Urbanos y Regionales, CEUR-USAC, |c [1993] | ||
| 300 | |a 28 p. ; |c 22 cm. | ||
| 490 | 1 | |a Boletín / Centro de Estudios Urbanos y Regionales, Universidad de San Carlos de Guatemala ; |v no. 18 | |
| 500 | |a Cover title. | ||
| 500 | |a "Manuel Angel Castillo, autor." | ||
| 500 | |a "Mayo 1993" | ||
| 500 | |a Two columns to the page. | ||
| 504 | |a Includes bibliographical references (p. 22-24). | ||
| 650 | 0 | |a Refugees |z Guatemala. | |
| 650 | 0 | |a Refugees |z Mexico. | |
| 650 | 0 | |a Indians of Central America |z Guatemala |x Government relations. | |
| 650 | 0 | |a Indians of Central America |z Guatemala |x Social conditions. | |
| 651 | 0 | |a Guatemala |x Emigration and immigration. | |
| 651 | 0 | |a Mexico |x Emigration and immigration. | |
| 710 | 2 | |a Universidad de San Carlos de Guatemala. |b Centro de Estudios Urbanos y Regionales. | |
| 830 | 0 | |a Bolétin (Universidad de San Carlos de Guatemala. Centro de Estudios Urbanos y Regionales) ; |v no. 18. | |
| 988 | |a 20020608 | ||
| 906 | |0 OCLC | ||


